[Event "Sparkassen Open 2018"]
[Site "Heusenstamm"]
[Date "2018.11.22"]
[Round "1"]
[White "Werner, Dimo"]
[Black "Pap, Misa"]
[Result "0-1"]
[WhiteElo "1993"]
[BlackElo "2473"]
[Annotator "TA"]
[PlyCount "59"]
[EventDate "2018.11.22"]
[EventType "swiss"]
[EventCountry "GER"]

{[%evp 20,59,12,10,16,15,16,15,16,6,31,24,42,0,9,0,18,17,27,8,22,18,52,0,8,-8,-8,-8,-7,0,0,0,3,-29,-14,-23,0,-4,0,0,0,0]} 1. d4 f5 2. g3 Nf6 3. Bg2 g6 4. c4 Bg7 5. Nc3 O-O 6. Nf3 d6 7. O-O c6 8. b3 a5 9. Bb2 Na6 10. d5 Bd7 {A88: Dutch Defence: Leningrad System: 5 Nf3 0-0 6 0-0 d6 7 Nc3 c6} 11. Nd4 {[%cal Rd5c6] LiveBook: 8 Games} Rc8 12. e3 Nc5 13. Qe2 $146 ({Predecessor:} 13. Rc1 Qb6 14. Ba1 Nce4 15. Nxe4 Nxe4 16. Qd3 cxd5 17. cxd5 Nc5 18. Qd2 {½-½ (30) Arun Prasad,S (2496)-Kamsky,G (2672) Arlington 2015}) 13... Qb6 14. Rab1 Qa6 15. Rfd1 Nfe4 16. Bf1 Rfe8 17. f3 Ng5 18. Qf2 Qa7 19. Ba1 e5 20. dxe6 $1 Bxe6 21. Nde2 ({Better is} 21. h4 $14 Nf7 22. e4) 21... Rcd8 22. Nf4 Bf7 23. Nce2 Bxa1 24. Rxa1 Nge6 25. Nxe6 Rxe6 26. Nd4 Re7 27. Nc2 Na6 28. Rd4 {The position is equal.} Nb4 29. Nxb4 axb4 30. Rad1 {[%mdl 32768] Accuracy: White = 52%, Black = 28%. . Loss on time!?} 0-1

[Event "Sparkassen Open 2018"]
[Site "Heusenstamm"]
[Date "2018.11.22"]
[Round "1"]
[White "Calvi, Stefan"]
[Black "Gritsak, Orest"]
[Result "1/2-1/2"]
[WhiteElo "1986"]
[BlackElo "2457"]
[Annotator "TA"]
[PlyCount "70"]
[EventDate "2018.11.22"]
[EventType "swiss"]
[EventCountry "GER"]

{[%evp 9,70,-13,-4,-4,-7,-11,0,2,0,-33,-34,-37,-31,-68,-71,-66,-72,-80,-66,-118,-22,-25,-21,-40,-37,-43,-43,-70,-42,-48,-34,-84,-45,-70,-27,-28,-22,-77,-90,-153,-152,-205,-12,-31,0,0,0,0,0,0,0,0,0,0,0,0,0,0,0,0,0,0,0]} 1. e4 g6 2. d4 Bg7 3. Be3 e6 (3... d6 4. Nc3 a6 5. f4 b5 6. Bd3 Nd7 7. e5 c5 8. Nf3 Nh6 9. Be4 Rb8 10. dxc5 dxc5 11. h3 Bb7 12. Bxb7 Rxb7 13. g4 Qc8 {0-1 (39) Hou,Y (2658)-Nakamura,H (2777) chess.com INT 2018}) 4. Nf3 Ne7 {[%cal Bg8e7,Be7f5,Bf5e3][%mdl 32]} 5. c4 d5 6. Nc3 {B06: Modern Defence} dxe4 7. Nxe4 Nbc6 8. Qd2 Nf5 {[%cal Rc6d4]} 9. Rd1 O-O $146 ({Predecessor:} 9... Nxe3 10. fxe3 O-O 11. Be2 b6 12. O-O {0-1 (29) Boucquet,E (2081)-Ten Hertog,H (2356) Vlissingen 2014}) 10. Be2 b6 11. Ng3 Nxe3 12. fxe3 Qe7 13. O-O Bb7 14. e4 (14. Qc1 $15) 14... e5 (14... Rad8 $17 {Hoping for ...Nxd4.} 15. d5 h5) 15. d5 $11 Nd4 16. Nxd4 exd4 17. Bd3 c5 18. Nh1 Bc8 19. Nf2 Bd7 20. Be2 Rae8 21. Rde1 Qh4 22. g3 Bh6 23. Qd3 (23. Qxd4 $11 cxd4 24. gxh4) 23... Qe7 $17 24. Bg4 (24. Kg2 $142) 24... f5 25. Bh3 {[#]} (25. exf5 $17 Qxe1 26. Rxe1 Rxe1+ 27. Kg2 gxf5 28. Bh3) 25... Be3 $2 ({Black should try} 25... fxe4 $1 $19 26. Rxe4 {[#]} Qxe4 $1 {[%mdl 512]} 27. Nxe4 Bxh3 28. Rxf8+ Rxf8) 26. exf5 $11 Rxf5 27. Kg2 $1 {The position is equal.} Rxf2+ {[%mdl 64] Remove Defender} 28. Rxf2 {Threatens to win with Bxd7.} Bxh3+ 29. Kxh3 {Rf3 is the strong threat.} Qd7+ 30. Kg2 {And now Rf6 would win.} Bxf2 31. Rxe8+ Qxe8 32. Kxf2 Kg7 33. b3 Qe5 34. Qf3 h5 35. Qf4 Qxf4+ {Accuracy: White = 33%, Black = 59%.} 1/2-1/2

[Event "Sparkassen Open 2018"]
[Site "Heusenstamm"]
[Date "2018.11.22"]
[Round "1"]
[White "Kuerschner, Matthias"]
[Black "Gutman, Lev"]
[Result "0-1"]
[WhiteElo "1985"]
[BlackElo "2434"]
[Annotator "TA"]
[PlyCount "118"]
[EventDate "2018.11.22"]
[EventType "swiss"]
[EventCountry "GER"]

{[%evp 20,118,115,47,123,0,74,32,51,35,45,29,43,43,68,47,58,55,104,42,72,59,103,110,97,52,62,0,102,0,56,58,59,48,75,32,44,-26,45,0,0,0,0,0,0,0,37,0,34,39,62,52,58,-21,14,25,20,0,14,8,8,8,18,0,0,0,54,0,0,0,8,-14,-12,-21,-30,-40,-45,-33,-24,-162,-52,-116,-112,-110,-89,-129,-113,-291,-277,-269,-256,-407,-403,-572,-545,-549,-465,-29969,-29971,-29948,-5222]} 1. e4 c5 2. c4 Nc6 3. Ne2 g6 4. d4 cxd4 5. Nxd4 Bg7 6. Be3 Nf6 7. Nc3 O-O 8. Be2 d6 9. O-O Bd7 10. Rc1 a5 11. f3 {LiveBook: 4 Games. B38: Sicilian: Maroczy Bind with 5...Bg7 and 7...0-0} (11. Ndb5 $16) (11. Ndb5 a4 12. Nxa4 Nxe4 13. a3 Rb8 14. Bf3 Nf6 15. Bb6 Qe8 16. Nc7 Qc8 17. c5 dxc5 18. Nxc5 Ne5 19. Nxd7 Qxd7 {1-0 (55) Macieja,B (2613)-Stanojoski,Z (2506) Izmir 2004}) 11... a4 {[#]} (11... Nxd4 $14 12. Bxd4 Bh6) 12. Nd5 (12. Ndb5 $1 $16) 12... e6 $146 (12... Nxd4 $11 {keeps the balance.} 13. Bxd4 Nxd5 14. cxd5 Rc8) ({Predecessor:} 12... Nxd5 13. cxd5 Nxd4 14. Bxd4 Bxd4+ 15. Qxd4 Qa5 16. Rc3 Rfc8 17. Rfc1 f6 18. Kf1 Kf7 19. Bd3 Rxc3 20. Rxc3 Rc8 21. Rxc8 Bxc8 22. Qc3 Qxc3 23. bxc3 Bd7 24. a3 Ke8 25. Ke2 Kd8 {½-½ (25) Suuronen,P (1951)-Vita,F (2106) L'Estartit 2007}) 13. Nc3 {White is better.} (13. Nxf6+ {is interesting.} Qxf6 14. Nb5 Qxb2 15. Rc2 Qb4 16. c5) 13... Nxd4 14. Bxd4 Bc6 15. Qd3 Qa5 16. Rfd1 Rfd8 17. Qe3 Rd7 18. Rc2 Qb4 19. Qc1 (19. a3 $16 Qb3 20. Rcd2) 19... Nh5 20. Be3 f5 21. exf5 gxf5 22. Bh6 Qc5+ 23. Be3 ({Better is} 23. Kh1 $1 $14) 23... Qa5 (23... Qb4 $1 $11) 24. Bh6 (24. Nb5 $16) 24... Rf8 (24... Qc5+ $11 25. Be3 Qa5) 25. Qg5 $14 Qc5+ 26. Kh1 Nf6 27. Bf1 Kh8 28. Rcd2 (28. Qd2 $14) 28... Ne8 (28... Ng8 $1 $11 29. Bxg7+ Rxg7) 29. Qe3 (29. Nb5 {with more complications.} Rff7 30. Bxg7+ Rxg7 31. Qh5 Rg6 32. Nd4) 29... Qxe3 30. Bxe3 a3 $1 {[%cal Ra3b2]} 31. Rc1 axb2 32. Rxb2 d5 33. Bc5 Rg8 34. cxd5 exd5 35. Bd3 Nd6 36. Rd2 (36. Rb4 $14) 36... Bh6 (36... Ne4 $5 37. Bxe4 (37. fxe4 $2 dxe4 38. Nd1 exd3 $19) 37... fxe4 38. fxe4 d4 $15) 37. Bd4+ Rgg7 38. Rcd1 {Hoping for Rc2.} (38. Rdc2 {is more complex.} Bxc1 39. Rxc1 Kg8 40. Bxg7 Kxg7 41. Kg1) 38... Bxd2 39. Rxd2 Kg8 40. Bxg7 Kxg7 41. Ne2 Kf6 42. Kg1 Rd8 (42... Nc4 $11 43. Bxc4 dxc4 44. Rxd7 Bxd7) 43. Kf2 (43. Bc2 $14) 43... Ra8 $1 $11 44. Bb1 Ra5 45. Rd3 Nc4 46. Nc1 Na3 47. Rb3 $1 Nxb1 48. Rxb1 $15 {[%mdl 4096] Endgame KRB-KRN} Rc5 49. g4 (49. Ne2 $11 {and White is okay.}) 49... f4 (49... Rc2+ $19 50. Kg3 fxg4 51. fxg4 d4) 50. h4 (50. Ne2 $15) 50... Rc2+ $17 51. Ke1 d4 52. Nd3 Bxf3 53. Nxf4 $2 {[#]} (53. Rb4 $17) 53... Ke5 $1 $19 {[%cal Re5f4]} ({Don't play} 53... Rxa2 54. Rb4 $17) 54. Nd3+ Ke4 55. Nf2+ (55. Rb3 $142) 55... Kf4 56. Rb4 (56. Rb3 $142 Rxa2 57. Nd3+ Kg3 58. Nb2) 56... Re2+ 57. Kf1 Rd2 58. a4 (58. Rb3 $19 Bd5 59. Rb6) 58... Ke3 59. Rb3+ d3 {Accuracy: White = 20%, Black = 54%.} 0-1

[Event "Sparkassen Open 2018"]
[Site "Heusenstamm"]
[Date "2018.11.22"]
[Round "1"]
[White "Junker, Christian"]
[Black "Fruebing, Stefan"]
[Result "0-1"]
[WhiteElo "1984"]
[BlackElo "2406"]
[Annotator "TA"]
[PlyCount "136"]
[EventDate "2018.11.22"]
[EventType "swiss"]
[EventCountry "GER"]

{[%evp 21,136,-39,-39,-53,-35,-100,-93,-90,-62,-64,-69,-54,-72,-58,-66,-63,-21,-43,-31,-37,2,-103,-91,-101,-90,-104,-70,-67,-76,-180,-172,-282,-271,-350,-354,-378,-389,-378,-363,-356,-356,-406,-409,-432,-437,-431,-426,-426,-413,-401,-373,-362,-362,-335,-338,-364,-358,-386,-355,-326,-318,-461,-460,-442,-434,-449,-436,-435,-421,-516,-512,-419,-294,-272,-233,-204,-35,-243,-23,-23,-17,-19,-18,-18,-17,-15,-15,-21,-8,-8,-8,-67,-67,-67,-67,-65,-65,-67,-67,-67,-67,-66,-66,-65,-64,-29985,-29986,-29986,-29987,-29987,-29988,-29988,-29989,-29989,-29990,-29990,-29991]} 1. Nf3 Nf6 2. g3 d5 3. d3 Bg4 {[%cal Bc8g4,Bg4h5,Bh5g6][%mdl 32]} 4. Bg2 Nbd7 5. Nbd2 e5 6. e4 c6 7. O-O Bd6 8. h3 Bh5 9. b3 {A07: Réti Opening: New York and Capablanca Systems} (9. Qe1 O-O 10. Nh4 Re8 11. a4 Nc5 12. a5 a6 13. Kh1 Ne6 14. Nb3 Qc7 15. Be3 Bf8 16. f4 c5 17. fxe5 Qxe5 18. Rf5 Qxb2 19. e5 Bg6 20. exf6 Bxf5 21. Nxf5 Qxf6 22. Qf2 Qd8 23. Rf1 Qd7 24. Nxc5 Bd6 25. Nxd7 {1-0 (25) Le,Q (2715)-Dreev,A (2649) chess.com INT 2018}) 9... O-O 10. Bb2 Re8 11. Qe1 a5 {LiveBook: 24 Games} 12. a4 Bb4 $146 ({Predecessor:} 12... Qc7 13. Nh4 Bg6 14. Kh1 Rad8 15. Nxg6 hxg6 16. Nf3 dxe4 17. dxe4 Nc5 18. Ng5 Nh7 19. Nxh7 Kxh7 {1-0 (63) Vijayalakshmi,S (2426)-Ramya,K (2175) Chennai 2006}) 13. g4 (13. Qc1 $15) 13... Bg6 $1 $17 14. Qe2 d4 15. Nc4 b5 {[#]} 16. Ncxe5 $1 {[%mdl 512]} Nxe5 17. Nxe5 Rxe5 18. f4 $1 {[%cal Rf4e5]} Re8 19. f5 {[#]} Nd5 $1 {[%mdl 512]} 20. fxg6 (20. exd5 Rxe2) 20... fxg6 21. Rf2 ({Don't blunder} 21. Bxd4 $2 Nf4 $1 $19 {[%mdl 512]}) (21. e5 $1 $11) 21... Bc3 $36 {[%mdl 2048] White is under strong pressure.} 22. Bxc3 Nxc3 23. Qd2 Re5 24. Qf4 Qe7 $1 25. axb5 (25. g5 $17 {was called for.}) 25... cxb5 $19 26. b4 (26. g5 {keeps fighting.}) 26... a4 27. Ra3 Rf8 28. Qxf8+ Qxf8 29. Rxf8+ Kxf8 {[%mdl 4096] Endgame KRB-KRN} 30. Kf2 Ke7 31. h4 Kd6 32. Kf3 Re8 33. Kg3 Ke5 34. Bf3 Re7 35. g5 Rf7 36. Ra1 Ra7 37. Ra3 h5 38. gxh6 gxh6 39. h5 gxh5 40. Bxh5 Rg7+ 41. Kf2 (41. Kf3 $142) 41... Kf4 42. Ra1 Ra7 43. Ra3 Kg5 44. Be8 h5 {[%cal Bh6h5,Bh5h4][%mdl 32]} 45. Kf3 h4 46. Ra1 {Now Rg1+ and White clings on.} a3 47. Rg1+ Kh6 {Threatens to win with ...Rg7.} 48. Ra1 Kg7 $2 (48... Ra6 $19 49. Kf4 h3) 49. Kg4 $2 {[#]} (49. Bc6 $1 $15) 49... a2 $2 (49... Ra6 $1 $19 {aiming for ...a2.} 50. Kxh4 Kf6 51. Rf1+ Ke7) 50. Bc6 $1 $11 Rc7 {[#]} 51. Bxb5 $1 {[%mdl 512]} Nxb5 52. Rxa2 {KRN-KR} Rc3 {With the idea ...Na3.} 53. Kxh4 Kf6 54. Kg4 Na3 55. Kf4 Ke6 56. Ra1 (56. e5 $11) 56... Nxc2 $15 57. Ra6+ Kd7 58. b5 Rxd3 {And now ...Na3 would win.} 59. e5 Rb3 60. Rd6+ Ke7 61. b6 d3 {Hoping for ...Rb4+.} 62. Ke4 Ne1 63. Kd5 $2 {[%mdl 8192]} (63. Ke3 $15) 63... d2 {Black mates.} 64. Kc4 {[#]} Rd3 $1 {[%mdl 576] Promotion} 65. Rxd3 Nxd3 66. b7 Nxe5+ 67. Kc3 d1=Q 68. b8=Q Qc1+ {Accuracy: White = 50%, Black = 67%.} 0-1

[Event "Sparkassen Open 2018"]
[Site "Heusenstamm"]
[Date "2018.11.22"]
[Round "1"]
[White "Schmidt, Max"]
[Black "Hacker, Jonas"]
[Result "0-1"]
[WhiteElo "1979"]
[BlackElo "2350"]
[Annotator "TA"]
[PlyCount "60"]
[EventDate "2018.11.22"]
[EventType "swiss"]
[EventCountry "GER"]

{[%evp 17,60,31,31,26,38,10,54,33,36,10,69,0,0,0,0,0,0,9,2,12,12,-22,0,-11,-5,0,0,-17,-49,-23,-22,-48,-32,-222,-166,-314,-316,-342,-317,-435,-259,-557,-541,-525,-529]} 1. e4 e5 2. Nf3 Nc6 3. Bb5 a6 4. Ba4 Nf6 5. O-O Be7 6. Re1 b5 7. Bb3 d6 8. c3 O-O 9. h3 Nd7 10. d4 {C92: Closed Ruy Lopez: 9...Be6, Karpov and Flohr-Zaitsev Variations} Bb7 11. a4 exd4 12. cxd4 {White is slightly better.} Na5 13. Bc2 c5 {[#]} (13... b4 $11) 14. Nc3 $146 (14. axb5 $14 axb5 15. Nc3) ({Predecessor:} 14. axb5 axb5 15. Nc3 b4 16. Nd5 Bxd5 17. exd5 Nf6 18. dxc5 dxc5 {1-0 (30) Motylev,A (2680)-Kaasen,T (2409) Helsingor 2017}) 14... b4 $11 15. Nd5 Bxd5 $1 16. exd5 c4 17. Qe2 Re8 18. Bd2 Rb8 19. Qe4 g6 20. Qf4 Nb6 21. Ng5 Bxg5 22. Rxe8+ Qxe8 23. Qxg5 c3 $36 {[%mdl 2048] White is under pressure.} 24. bxc3 b3 25. Re1 $2 {[#]} ({White must play} 25. Bd3 $1 $15) 25... Qd8 {...Qxg5 is the strong threat.} 26. Bb1 (26. Bd3 {was necessary.} Qxg5 27. Bxg5) 26... Qxg5 $19 27. Bxg5 Nxa4 ({But not} 27... Nxd5 28. Bd3 $19) 28. Kf1 Nc4 (28... Nxc3 $142 29. Bd2 Nxb1 30. Rxb1 Nc4) 29. Bh6 $2 {[#]} (29. Bd3 b2 30. Bxc4) 29... Nxc3 30. Bd3 b2 {Accuracy: White = 22%, Black = 78%.} 0-1

[Event "Sparkassen Open 2018"]
[Site "Heusenstamm"]
[Date "2018.11.22"]
[Round "1"]
[White "Laux, Dominik"]
[Black "Milov, Leonid"]
[Result "1/2-1/2"]
[WhiteElo "1973"]
[BlackElo "2481"]
[Annotator "TA"]
[PlyCount "112"]
[EventDate "2018.11.22"]
[EventType "swiss"]
[EventCountry "GER"]

{[%evp 10,112,33,-2,24,21,21,-1,29,26,39,26,45,24,29,23,30,20,97,89,100,102,120,37,73,72,118,89,102,66,80,66,83,83,96,98,101,60,73,65,80,70,70,61,59,60,80,68,116,100,102,68,68,61,68,68,80,65,72,-43,45,-82,-52,-94,-91,-85,-72,-197,-62,-358,-356,-352,-350,-165,136,75,108,73,85,89,108,106,104,87,91,83,82,89,88,82,71,60,88,0,0,0,0,0,0,0,0,0,0,0,0]} 1. d4 f5 2. Nf3 Nf6 3. g3 g6 4. Bg2 Bg7 5. c4 O-O 6. b4 c6 {A87: Dutch Defence: Leningrad System: 5 Nf3} 7. O-O Ne4 8. Bb2 a5 (8... d5 9. Nbd2 Be6 10. cxd5 Bxd5 11. Nb3 Nd7 12. Qc2 e6 13. a4 Nd6 14. Nc5 Nxc5 15. dxc5 {1-0 (42) Van Wely,L (2654)-Bartel,M (2641) Dubai 2014}) 9. b5 a4 10. Qc2 Qa5 $146 ({Predecessor:} 10... d6 11. Nfd2 d5 12. Nxe4 fxe4 13. cxd5 cxd5 14. Na3 {1-0 (31) Fraser,M (2186)-Spencer,E (2197) Edinburgh 2003}) 11. Na3 d5 12. Ne5 Be6 13. f3 $36 {[%mdl 2048] White has the initiative.} Nf6 (13... Nd6 $11 {remains equal.}) 14. Bc3 $16 Qd8 15. c5 $1 Nfd7 16. bxc6 (16. Nd3 $16) 16... bxc6 17. Nd3 g5 18. e3 Nf6 19. Rab1 g4 20. f4 Ne4 21. Rb6 Qc7 22. Rfb1 Bc8 23. Be1 Nd7 24. R6b4 Ba6 25. Bf1 Ra7 26. Rxa4 Rfa8 27. Rbb4 Kf7 28. Nb1 Bb5 29. Rxa7 Qxa7 30. Nc1 Bxf1 31. Kxf1 h5 32. a4 Bf6 33. Nb3 h4 34. a5 (34. Nc3 $16) 34... Rh8 $15 {White must now prevent ...hxg3.} 35. Kg1 (35. Kg2 $1 $14 {was forced to keep a grip.}) 35... hxg3 $17 36. hxg3 Rh3 $1 37. Qg2 Qa6 {[%mdl 1024] Black has strong compensation.} 38. N1d2 (38. N3d2 $17) 38... Nc3 (38... Qd3 $1 $19 {[%cal Rd3e3]} 39. Nxe4 Qb1) 39. Qf1 $2 {[%mdl 8192]} (39. Nc1 $15) 39... Ne2+ $19 {[%mdl 64] Double Attack} 40. Kg2 {Nc1! is the strong threat.} Qd3 41. Bf2 {[#]} (41. Nc1 {keeps fighting.} Nxc1 42. Qxd3 Nxd3 43. Rb1) 41... Qa6 $2 (41... Bh4 $1 $19 {[%cal Rh4g3][%mdl 512]} 42. gxh4 Rxe3 43. Bxe3 Qxe3) 42. Ra4 ({White should play} 42. Rb6 Nxb6 43. cxb6) 42... Nb8 $16 43. Ra1 Rh8 44. Nc1 Nc3 45. Qxa6 Nxa6 46. Ndb3 Rb8 47. Be1 Nd1 48. Bd2 {Strongly threatening Rb1.} Nb2 49. Kf1 Nc4 {[#]} 50. Ke2 $1 Rh8 {[#]} 51. Kd3 ({Better is} 51. Be1 $1 $16) 51... Rh2 $11 {The position is equal.} 52. Rb1 Na3 53. Ra1 Nc4 54. Rb1 Na3 55. Ra1 Nc4 56. Rb1 Na3 {Accuracy: White = 47%, Black = 53%.} 1/2-1/2

[Event "Sparkassen Open 2018"]
[Site "Heusenstamm"]
[Date "2018.11.23"]
[Round "2"]
[White "Sumets, Andrey"]
[Black "Amtmann, Florian"]
[Result "1-0"]
[WhiteElo "2580"]
[BlackElo "2120"]
[Annotator "TA"]
[PlyCount "86"]
[EventDate "2018.11.22"]
[EventType "swiss"]
[EventCountry "GER"]

{[%evp 21,86,23,26,0,107,110,123,86,87,81,80,47,66,69,95,86,103,90,119,118,182,181,197,188,179,173,180,186,253,199,205,171,371,358,464,464,443,443,511,523,546,539,918,929,880,852,797,478,478,437,771,739,658,618,812,772,962,810,961,943,1395,1381,1297,1255,1269,1306,1154]} 1. d4 Nf6 2. c4 g6 3. Nc3 Bg7 4. e4 O-O 5. Nf3 d6 6. Be2 e5 7. O-O Nc6 8. d5 Ne7 9. Qc2 Nd7 {E97: King's Indian: Classical Main Line (6...e5 7 0-0 Nc6): 8 Be3 and 8 d5 Ne7, not 9 Ne1} 10. Rd1 h6 11. b4 a5 {LiveBook: 3 Games. White has an edge.} 12. c5 $146 ({Predecessor:} 12. bxa5 Rxa5 13. a4 b6 14. Ba3 Nc5 15. Bb4 Ra6 16. a5 f5 17. axb6 cxb6 18. Bxc5 bxc5 19. Rxa6 Bxa6 {½-½ (48) Salem,A (2608)-Saric,I (2660) Biel 2016}) 12... dxc5 (12... axb4 $11 {keeps the balance.} 13. cxd6 cxd6) 13. bxc5 $16 Nxc5 14. Ba3 b6 15. Bxc5 bxc5 16. Nb5 {[#] And now d6 would win.} Ba6 17. Qxc5 Bxb5 18. Bxb5 Qd6 19. Rac1 Rfc8 20. a4 g5 (20... h5 $16 21. Rc3 Bh6) 21. Nd2 $18 Bf8 22. Qxd6 cxd6 23. Rxc8 Nxc8 24. Nc4 Na7 (24... Ra7 {might work better.} 25. f3 h5) 25. Bd7 Rd8 26. Bf5 Nc8 $2 (26... Rb8 27. Nxa5 Rb4) 27. Nxa5 {Strongly threatening Nc6.} Ne7 28. Nc6 {White is clearly winning.} Ra8 29. a5 Kg7 30. Ra1 Kf6 31. g4 {[%cal Bg2g4,Bg4f5][%mdl 32]} Nxf5 32. gxf5 {[%mdl 4096] Endgame KRB-KRN} Be7 33. a6 Bd8 34. a7 Bb6 35. Kg2 h5 (35... Bd4 $142) 36. Rb1 Bc5 37. Rb7 g4 38. f3 Kg5 39. fxg4 hxg4 40. Kg3 Rh8 {[#]} 41. h4+ $1 {[%mdl 576] Deflection} Rxh4 42. a8=Q {White wants to mate with Qg8+.} Rh3+ 43. Kg2 Kf4 {Accuracy: White = 72%, Black = 41%.} 1-0

[Event "Sparkassen Open 2018"]
[Site "Heusenstamm"]
[Date "2018.11.23"]
[Round "2"]
[White "Noe, Christopher"]
[Black "Rondonuwu, Grover"]
[Result "1-0"]
[WhiteElo "2529"]
[BlackElo "2101"]
[Annotator "TA"]
[PlyCount "91"]
[EventDate "2018.11.22"]
[EventType "swiss"]
[EventCountry "GER"]

{[%evp 21,91,64,64,70,75,68,63,75,87,78,75,66,67,55,48,33,60,62,66,61,58,57,64,60,88,92,88,77,88,89,105,118,166,164,161,120,114,114,118,115,116,114,115,114,122,116,228,217,208,191,179,99,99,99,115,109,102,99,99,103,150,112,382,368,329,150,600,571,590,551,29987,29988]} 1. d4 d5 2. c4 c6 3. Nc3 Nf6 4. Nf3 Bf5 5. Qb3 Qb6 6. c5 Qxb3 7. axb3 a6 {D15: Slav Defence: 4 Nc3 a6 and gambit lines after 4 Nc3 dxc4} (7... Nbd7) 8. b4 Nbd7 9. b5 cxb5 10. Nxb5 Rc8 11. Nc3 e6 {LiveBook: 3 Games} 12. Bf4 Nh5 13. Bd2 Be7 14. e3 $146 ({Predecessor:} 14. b4 O-O 15. e3 {1-0 (62) Mityavin,S (2159)-Mikushin,A (2069) ICCF email 2014}) 14... O-O 15. Be2 Nhf6 16. O-O Ne4 17. Rfc1 Nxd2 18. Nxd2 Nb8 19. Nb3 Bd8 20. Na5 Bxa5 $1 21. Rxa5 Nc6 22. Ra3 Rfd8 23. f4 f6 24. Rb3 Rc7 25. Rb6 Bg6 26. b4 e5 27. fxe5 fxe5 28. Rd1 exd4 29. exd4 Bf7 30. b5 axb5 31. Nxb5 Re7 32. Bf3 Rdd7 33. Nd6 Nd8 (33... g6 $16 {was necessary.} 34. Nxb7 Nxd4) 34. Ra1 $18 g6 35. Ra8 {Strongly threatening Bg4.} Kg7 36. Kf2 ({White should try} 36. Nc8 $18 Re3 37. Rd6 (37. Nd6 Nc6 $14) 37... Rxd6 38. Nxd6) 36... Nc6 $16 37. Ra4 $36 {[%mdl 2048] White has strong initiative.} Nd8 38. h3 {[%cal Bh2h3,Bh3h4][%mdl 32]} h5 39. h4 Be6 40. Kg3 Nf7 41. Ra8 Nxd6 $2 {[%mdl 8192] [#]} (41... Rd8 $16 42. Rxd8 Nxd8) 42. cxd6 $18 {[%cal Bc5d6,Bd6d7][%mdl 32]} Rf7 43. Re8 (43. Be2 $18 {is the precise move to win.}) 43... Kf6 $2 (43... Rf6 $16) 44. Bd1 Rg7 45. Ba4 Rdf7 {Black hopes to continue with ...Bd7.} 46. d7 {Precision: White = 63%, Black = 40%.} 1-0

[Event "Sparkassen Open 2018"]
[Site "Heusenstamm"]
[Date "2018.11.23"]
[Round "2"]
[White "Pap, Misa"]
[Black "Wortmann, Klaus Peter"]
[Result "1-0"]
[WhiteElo "2473"]
[BlackElo "2097"]
[Annotator "TA"]
[PlyCount "69"]
[EventDate "2018.11.22"]
[EventType "swiss"]
[EventCountry "GER"]

{[%evp 20,69,32,16,69,70,72,74,65,64,161,160,161,153,172,166,193,195,191,194,190,187,243,255,245,224,260,245,262,229,265,268,265,266,255,244,256,235,369,327,373,381,720,720,708,704,933,731,1118,1112,1209,1076]} 1. e4 d5 2. exd5 Qxd5 3. Nc3 Qd6 4. d4 Nf6 5. Nf3 c6 6. Ne5 Nbd7 {B01: Scandinavian Defence} 7. Nc4 (7. f4 Nb6 8. g4 g6 9. Bg2 Bg7 10. O-O O-O 11. f5 Rd8 12. Ne2 Nfd7 13. Nxf7 Kxf7 14. Bf4 {1-0 (43) Safarli,E (2657)-Hera,I (2620) Brest 2018}) 7... Qc7 8. Qf3 Nb6 9. Bf4 Qd7 10. Nxb6 axb6 11. O-O-O {LiveBook: 31 Games. Black should prevent d5.} Qg4 (11... Qd8 $11 12. Qe3 e6) 12. Qe3 $14 {Black must now prevent d5.} Qe6 13. d5 Qxe3+ 14. Bxe3 Nxd5 $146 ({Better is} 14... e6 $14) 15. Nxd5 $18 cxd5 16. Bb5+ ({Weaker is} 16. Bxb6 e6 $11) 16... Bd7 17. Rxd5 Bxb5 18. Rxb5 Rxa2 {[#] And now ...Ra1+ would win.} 19. Kb1 Ra6 20. Rd1 ({Don't take} 20. Rxb6 $6 Rxb6 21. Bxb6 Kd7 $11) 20... e6 (20... Rg8 {was necessary.} 21. Bxb6 (21. Rxb6 Rxb6 22. Bxb6 f5 $16) 21... f6) 21. Bxb6 ({Not} 21. Rxb6 Rxb6 22. Bxb6 Be7 $16) 21... Be7 22. Be3 O-O 23. Rxb7 Rfa8 {[%csl Ga8][%cal Ra6a1] [#]} 24. c3 Ra1+ 25. Kc2 Rxd1 26. Kxd1 {[%mdl 4096] Endgame KRB-KRB} Bd6 27. h4 f5 28. Rd7 Ra6 (28... Be5 $142 29. Kc2 Rc8) 29. g3 e5 30. b4 {[%cal Bb2b4,Bb4b5,Bb5b6,Bb6b7][%mdl 32]} f4 $2 (30... Bf8 31. Kc2 f4) 31. gxf4 {White is clearly winning.} exf4 32. Bd4 Bf8 33. b5 Ra2 34. b6 f3 35. b7 {Precision: White = 92%, Black = 17%.} 1-0

[Event "Sparkassen Open 2018"]
[Site "Heusenstamm"]
[Date "2018.11.23"]
[Round "2"]
[White "Gutman, Lev"]
[Black "Hinrichs, Hans-Uwe"]
[Result "1-0"]
[WhiteElo "2434"]
[BlackElo "2075"]
[Annotator "TA"]
[PlyCount "65"]
[EventDate "2018.11.22"]
[EventType "swiss"]
[EventCountry "GER"]

{[%evp 15,65,24,39,0,38,39,52,41,39,37,48,31,48,28,45,31,65,54,64,45,63,50,79,73,78,74,84,87,91,92,81,71,85,77,77,73,96,85,99,86,252,241,239,180,316,228,241,233,240,170,1262,1239]} 1. Nf3 d6 2. d4 Nf6 3. g3 Nbd7 4. Bg2 e5 5. O-O Be7 6. c4 c6 7. Nc3 Qc7 {A54: Old Indian Defence with Nf3, but without e4} (7... O-O 8. Qc2 Re8 9. Rd1 Bf8 10. e4 b6 11. h3 Qc7 12. Be3 Bb7 13. Rac1 Rac8 14. d5 a6 15. Qb1 Qb8 16. a4 h6 17. b4 Be7 18. Nd2 Bd8 19. Bf1 Nf8 20. dxc6 Rxc6 {1-0 (39) Istratescu,A (2639)-Hickl,J (2588) Switzerland 2015}) 8. h3 O-O {LiveBook: 4 Games} 9. Be3 a6 {The position is equal.} 10. Rc1 b6 $146 ({Predecessor:} 10... exd4 11. Nxd4 Ne5 12. b3 c5 {0-1 (39) Holscher,P (2057)-Rollwitz,J (1841) Bad Sooden 2014}) 11. Qc2 Re8 12. Rfd1 Rb8 13. b3 {[%cal Bb2b3,Bb3b4][%mdl 32]} Bb7 14. Ng5 h6 {[#] And now ...exd4 would win.} 15. Nge4 Rbd8 16. Nxf6+ Nxf6 17. b4 Bf8 18. a3 g6 19. dxe5 dxe5 20. Na4 Nd7 21. c5 {[%cal Rc5b6]} b5 22. Nb6 Nf6 23. a4 Bg7 24. axb5 axb5 25. Qa2 Bc8 26. Qa8 Bb7 27. Qa7 {Black must now prevent Rd6!} Qb8 $2 {[#]} (27... Bf8 $16 {keeps fighting.}) 28. Qxb8 $18 Rxb8 29. Rd6 Red8 (29... e4 {might work better.} 30. Bd4 Nh7 31. Bxg7 Kxg7) 30. Rcd1 Rxd6 31. Rxd6 Ne8 32. Rd2 Kf8 $2 (32... Nc7) 33. Nd7+ {Precision: White = 74%, Black = 29%.} 1-0